ပေႇတတႃႇၼ ၼထိတႃႇၼ / (Record no. 25337)
[ view plain ]
| 000 -LEADER | |
|---|---|
| fixed length control field | 00874nam a22002057a 4500 |
| 003 - CONTROL NUMBER IDENTIFIER | |
| control field | OSt |
| 005 - DATE AND TIME OF LATEST TRANSACTION | |
| control field | 20260128094537.0 |
| 008 - FIXED-LENGTH DATA ELEMENTS--GENERAL INFORMATION | |
| fixed length control field | 230606b ||||| |||| 00| 0 eng d |
| 040 ## - CATALOGING SOURCE | |
| Transcribing agency | SSBUL |
| 041 ## - LANGUAGE CODE | |
| Language code of text/sound track or separate title | Shan |
| 082 ## - DEWEY DECIMAL CLASSIFICATION NUMBER | |
| Edition number | 23 |
| Classification number | 294.3823521 |
| 100 0# - MAIN ENTRY--PERSONAL NAME | |
| Personal name | သူၺ်ႇၵျွင်း(မိူင်းယၢင်း)၊ |
| Titles and words associated with a name | ၶူးမေႃလိၵ်ႈလူင်၊ ၶိင်း။ |
| 245 10 - TITLE STATEMENT | |
| Title | ပေႇတတႃႇၼ ၼထိတႃႇၼ / |
| Statement of responsibility, etc. | ၶူးမေႃလိၵ်ႈလူင် ၶိင်းသူၺ်ႇၵျွင်း(မိူင်းယၢင်း)။ |
| 260 ## - PUBLICATION, DISTRIBUTION, ETC. | |
| Place of publication, distribution, etc. | မၼ်းတလေ၊း |
| Name of publisher, distributor, etc. | ၵမ်ႇပေႃးၸ၊ |
| Date of publication, distribution, etc. | 2016 ။ |
| 500 ## - GENERAL NOTE | |
| General note | S-SAT: Dr. Prof Sai Aung Tun |
| 650 ## - SUBJECT ADDED ENTRY--TOPICAL TERM | |
| Topical term or geographic name entry element | ပေႇတဝုတ်ႉထု၊ လင်ႇၵႃႇတႆး |
| 942 ## - ADDED ENTRY ELEMENTS (KOHA) | |
| Koha item type | Books (Long term) |
| 100 0# - MAIN ENTRY--PERSONAL NAME | |
| 9 (RLIN) | 25319 |
| 650 ## - SUBJECT ADDED ENTRY--TOPICAL TERM | |
| 9 (RLIN) | 25320 |
| Source of classification or shelving scheme | |
| Source of classification or shelving scheme | |
| Withdrawn status | Lost status | Source of classification or shelving scheme | Damaged status | Not for loan | Collection Code | Permanent Location | Current Location | Shelving location | Date acquired | Total Checkouts | Full call number | Barcode | Date last seen | Copy number | Price effective from | Koha item type | Accession | Date last checked out |
|---|---|---|---|---|---|---|---|---|---|---|---|---|---|---|---|---|---|---|
| Tai Collection | Shan State Buddhist University Library | Shan State Buddhist University Library | Tai Shelves | 06/06/2023 | 294.3823521 သူၺ်ႇ ႑႗႓(1) | SH00000173 | 06/06/2023 | 1 | 06/06/2023 | Books (Long term) | ႑႗႓(1) | |||||||
| Tai Collection | Shan State Buddhist University Library | Shan State Buddhist University Library | Tai Shelves | 06/06/2023 | 294.3823521 သူၺ်ႇ ႕႗႘(2) | SH00000578 | 06/06/2023 | 2 | 06/06/2023 | Books (Long term) | ႕႗႘(2) | |||||||
| Tai Collection | Shan State Buddhist University Library | Shan State Buddhist University Library | Tai Shelves | 06/06/2023 | 294.3823521 သူၺ်ႇ ႕႗႙(3) | SH00000579 | 06/06/2023 | 3 | 06/06/2023 | Books (Long term) | ႕႗႙(3) | |||||||
| Tai Collection | Shan State Buddhist University Library | Shan State Buddhist University Library | Tai Shelves | 06/06/2023 | 294.3823521 သူၺ်ႇ ႕႕႖(4) | SH00000556 | 06/06/2023 | 4 | 06/06/2023 | Books (Long term) | ႕႕႖(4) | |||||||
| Special Collections | Shan State Buddhist University Library | Shan State Buddhist University Library | Special Collection Shelves | 06/06/2023 | 294.3823521 သူၺ်ႇ ႒႕႒႐ S-SAT | SH00002520 | 06/06/2023 | 5 | 06/06/2023 | Book (Short term) | ႒႕႒႐ S-SAT | |||||||
| Tai Collection | Shan State Buddhist University Library | Shan State Buddhist University Library | Tai Shelves | 15/07/2023 | 1 | 294.3823521 သူၺ်ႇ ႒႘႙႔(5) | SH00002894 | 10/09/2025 | 5 | 15/07/2023 | Books (Long term) | ႒႘႙႔(5) | 15/08/2025 | |||||
| Tai Collection | Shan State Buddhist University Library | Shan State Buddhist University Library | Tai Shelves | 15/07/2023 | 294.3823521 သူၺ်ႇ ႒႘႙႕(6) | SH00002895 | 15/07/2023 | 6 | 15/07/2023 | Books (Long term) | ႒႘႙႕(6) | |||||||
| Tai Collection | Shan State Buddhist University Library | Shan State Buddhist University Library | Tai Shelves | 15/07/2023 | 3 | 294.3823521 သူၺ်ႇ ႒႘႙႖(7) | SH00002896 | 30/08/2024 | 7 | 15/07/2023 | Books (Long term) | ႒႘႙႖(7) | 01/08/2024 |